Library Logo

Pioneer International University Library Catalogue

No more secrets : (Record no. 9300)

MARC details
000 -LEADER
fixed length control field 00411nam a22001575i 4500
005 - DATE AND TIME OF LATEST TRANSACTION
control field 20250901165806.0
008 - FIXED-LENGTH DATA ELEMENTS--GENERAL INFORMATION
fixed length control field 190108s2019 ohu 000 0 eng
010 ## - LIBRARY OF CONGRESS CONTROL NUMBER
LC control number
020 ## - INTERNATIONAL STANDARD BOOK NUMBER
International Standard Book Number 9789966345257
050 ## - LIBRARY OF CONGRESS CALL NUMBER
Classification number PR 9369.4 .B75 2009
100 1# - MAIN ENTRY--PERSONAL NAME
Personal name Collins, Inisher A.
245 10 - TITLE STATEMENT
Title No more secrets :
Statement of responsibility, etc. [by] Helen Brian.
260 ## - PUBLICATION, DISTRIBUTION, ETC.
Place of publication, distribution, etc. Nairobi:
Name of publisher, distributor, etc. Moran,
Date of publication, distribution, etc. 2009
300 ## - PHYSICAL DESCRIPTION
Extent 132 pages:
Other physical details ill.;
Dimensions 20 cm.
942 ## - ADDED ENTRY ELEMENTS (KOHA)
Source of classification or shelving scheme Library of Congress Classification
Holdings
Withdrawn status Lost status Source of classification or shelving scheme Damaged status Not for loan Collection Home library Current library Shelving location Date acquired Source of acquisition Total checkouts Full call number Barcode Date last seen Date last checked out Price effective from Koha item type Copy number
    Library of Congress Classification       Main Library Main Library   04/02/2025 Donation from KICD 1 PR 9369.4 .B75 2009 PIUD0000597 04/25/2025 04/25/2025   Books 2
    Library of Congress Classification       Main Library PIU Library   03/20/2025 Donation from KICD 1 PR 9369.4 .B75 2009 PIUD0000249 03/16/2026 10/08/2025 03/20/2025 Books